Central Library OPAC University of Rajshahi

The construction industry in Communist China / (Record no. 45272)

MARC details
000 -LEADER
fixed length control field 00764cam a2200265 a 4500
001 - CONTROL NUMBER
control field 45272
003 - CONTROL NUMBER IDENTIFIER
rucl marc code BD-RjUL
005 - DATE AND TIME OF LATEST TRANSACTION
control field 20211209054005.0
008 - FIXED-LENGTH DATA ELEMENTS--GENERAL INFORMATION
fixed length control field 160725s1968 ilu b 001 0 eng
035 ## - SYSTEM CONTROL NUMBER
System control number MITb10431346
System control number (BD-RjUL) 45390
System control number GLIS00431346
System control number (OCoLC)07473930
040 ## - CATALOGING SOURCE
Original cataloging agency DLC
Transcribing agency DLC
Modifying agency m.c.
-- BD-RjUL
Language of cataloging eng
041 ## - LANGUAGE CODE
Language code of text/sound track or separate title eng
082 ## - DEWEY DECIMAL CLASSIFICATION NUMBER
Edition number 23
Classification number 338.476240951
Author mark and year CHC 1968
100 1# - MAIN ENTRY--PERSONAL NAME
Personal name Chao, Kang,
Dates associated with a name 1929-
9 (RLIN) 138676
245 14 - TITLE STATEMENT
Title The construction industry in Communist China /
Remainder of title Chao, Kang
260 ## - PUBLICATION, DISTRIBUTION, ETC. (IMPRINT)
Place of publication, distribution, etc. Chicago :
Name of publisher, distributor, etc. Aldine Pub. Co.,
Date of publication, distribution, etc. 1968
300 ## - PHYSICAL DESCRIPTION
Pagination xv, 237 p. ;
Size 22 cm.
500 ## - GENERAL NOTE
General note Includes index.
504 ## - BIBLIOGRAPHY, ETC. NOTE
Bibliography, etc Bibliography: p. 223-229.
650 #0 - SUBJECT ADDED ENTRY--TOPICAL TERM
Topical term or geographic name as entry element Construction industry
Geographic subdivision China.
9 (RLIN) 138677
942 ## - ADDED ENTRY ELEMENTS (KOHA)
Source of classification or shelving scheme Dewey Decimal Classification
Koha item type Books
Holdings
Lost status Source of classification or shelving scheme Damaged status Not for loan Collection code Permanent Location Current Location Shelving location Date acquired Source of acquisition Cost, normal purchase price Total Checkouts Full call number Date last seen Copy number Koha item type
  Dewey Decimal Classification     Non-fiction Central Library, University of Rajshahi Central Library, University of Rajshahi   10/08/1970 Zuitlinger 45.00   338.476240951 CHC 1968 25/07/2016 C-2 Books